| 000 | 00778cam a22002534a 4500 | ||
|---|---|---|---|
| 005 | 20260322212045.0 | ||
| 008 | data | ||
| 010 | _a 2007046314 | ||
| 020 | _a9780399155062 | ||
| 020 | _a0399155066 | ||
| 040 |
_aDLC _cDLC _dDLC |
||
| 043 | _an-us-ca | ||
| 050 | 0 | 0 |
_aML418.A96 _bL66 2008 |
| 082 | 0 | 0 |
_aB _aB _222 |
| 100 | 1 | _aLopez, Steve. | |
| 245 | 1 | 4 |
_aThe soloist : _ba lost dream, an unlikely friendship, and the redemptive power of music / _cSteve Lopez. |
| 260 |
_aNew York : _bG.P. Putnam's Sons, _cc2008. |
||
| 300 |
_aix, 273 p. ; _c24 cm. |
||
| 600 | 1 | 0 | _aAyers, Nathaniel Anthony. |
| 650 | 0 |
_aViolinists _zCalifornia _zCalifornia _vBiography. |
|
| 650 | 0 |
_aHomeless persons _zLos Angeles. _zLos Angeles. |
|
| 650 | 0 |
_aSkid row _zLos Angeles. _zLos Angeles. |
|
| 001 | data | ||
| 999 |
_c1057 _d1057 |
||